000 01771nam a22002417a 4500
001 121388
008 230303e20230303xxk|||||o|||| 00| 0 eng d
041 _aeng
110 _aRoyal Institution of Chartered Surveyors
245 _aSpray foam insulation
_ba clear, impartial guide
_h[Electronic resource]
260 _aLondon,
_bRoyal Institution of Chartered Surveyors,
_c3 March 2023
300 _a29p.
490 _aRICS Consumer Guide
520 _aThe RICS spray foam guide educates the public on the pros and cons of spray foam installation, following many years of research into the effects of this material, helping consumer confidence in making informed decisions. This informative guide covers topics such as what effects spray foam might have on a property’s roof structure, thermal performance and value - do’s and don’ts when installing insulation to your home, and how RICS-accredited members can help assess your property. The guide has been produced to inform the public about spray foam insulation after several high-profile Trading Standards cases recently reported in the media highlighted poor standards of work, illegal modifications to listed buildings and high-pressure selling to vulnerable groups, such as the elderly. Moreover, there has been concern within specific sectors of the lending market, such as equity release mortgages, which is now having a wider impact on lenders.
650 _aSPRAY FOAM
650 _aINSULATION
651 _aUnited Kingdom
690 _96223
_aBuilding materials & defects
700 _aPiplica, Sam
710 _aRoyal Institution of Chartered Surveyors
856 _uhttps://www.rics.org/news-insights/rics-release-new-spray-foam-consumer-guide
_zAvailable free on RICS.org
942 _n0
999 _c121388
_d121388